निरोगी राहाण्याची गुरुकिल्ली (Record no. 38070)
[ view plain ]
| 000 -LEADER | |
|---|---|
| fixed length control field | 00710nam a2200181Ia 4500 |
| 008 - FIXED-LENGTH DATA ELEMENTS--GENERAL INFORMATION | |
| fixed length control field | 090122s9999 xx 000 0 und d |
| 082 ## - DEWEY DECIMAL CLASSIFICATION NUMBER | |
| Item number | 13993 |
| Classification number | 613 |
| 100 ## - MAIN ENTRY--PERSONAL NAME | |
| Personal name | गाला |
| Numeration | ध.रा./ |
| Titles and other words associated with a name | गाला |
| 245 ## - TITLE STATEMENT | |
| Title | निरोगी राहाण्याची गुरुकिल्ली |
| 260 ## - PUBLICATION, DISTRIBUTION, ETC. (IMPRINT) | |
| Name of publisher, distributor, etc | गाला पब्लिशर्स |
| 300 ## - PHYSICAL DESCRIPTION | |
| Extent | 86 |
| 501 ## - WITH NOTE | |
| With note | देणगी : श्रीराम रानडे |
| 600 ## - SUBJECT ADDED ENTRY--PERSONAL NAME | |
| Personal name | गाला |
| 630 ## - SUBJECT ADDED ENTRY--UNIFORM TITLE | |
| Uniform title | निरोगी राहाण्याची गुरुकिल्ली |
| 700 ## - ADDED ENTRY--PERSONAL NAME | |
| Personal name | गाला |
| 730 ## - ADDED ENTRY--UNIFORM TITLE | |
| Uniform title | निरोगी राहाण्याची गुरुकिल्ली |
| 942 ## - ADDED ENTRY ELEMENTS (KOHA) | |
| Koha item type | Book |
| Withdrawn status | Lost status | Damaged status | Not for loan | Home library | Current library | Date acquired | Source of acquisition | Cost, normal purchase price | Total Checkouts | Full call number | Barcode | Date last seen | Copy number | Cost, replacement price | Price effective from | Koha item type |
|---|---|---|---|---|---|---|---|---|---|---|---|---|---|---|---|---|
| Dombivali Granthasangrahalaya, Dombivali | Dombivali Granthasangrahalaya, Dombivali | 01/22/2009 | देणगी : श्रीराम रानडे | 7.00 | 13993 | DOM-13993 | 01/22/2009 | 1 | 7.00 | 01/22/2009 | Book |